Els Problemes de la banca catalana / Joan Sardà i Lluc Beltran
Descripción Física:
130 p. ; 24 cm
Otros Autores:
Beltrán Flórez, Lucas, 1911-1997
Materias:
Bancs -- Catalunya -- S. XX
MARC
| LEADER | 00000nam a2200000Ia 4500 | ||
|---|---|---|---|
| 001 | 10903 | ||
| 008 | 160829s1933 xx 000 0 cat d | ||
| 080 | |a M-1-295 | ||
| 100 | |a Jordà, Joan |9 35132 | ||
| 245 | |a Els Problemes de la banca catalana / Joan Sardà i Lluc Beltran | ||
| 260 | |a Barcelona : |b Publicacions de l'Institut d'Investigacions Econòmiques, |c 1933 | ||
| 300 | |a 130 p. ; |c 24 cm | ||
| 650 | |a Bancs |x Catalunya |x S. XX |9 35133 | ||
| 700 | 1 | |a Beltrán Flórez, Lucas, |d 1911-1997 |9 35134 | |
| 710 | 2 | |a Institut d'Investigacions Econòmiques |9 56303 | |
| 901 | |a Arxiu | ||
| 942 | |n 1 | ||
| 952 | |0 0 |1 0 |4 0 |6 M1295 |7 1 |9 46779 |a Arxiu |b Arxiu |d 2016-12-01 |l 0 |o M-1-295 |p 10903 |r 2016-12-01 00:00:00 |w 2016-12-01 |y ARXIU | ||
| 999 | |c 50572 |d 50572 | ||